Manual de ergonomía (Registro nro. 20663)

Detalles MARC
000 -ENCABEZADO
Número de control [NR] 01184nam a2200337Ia 4500
005 - FECHA Y HORA DE LA ÚLTIMA TRANSACCIÓN
control field 20240816104421.0
008 - DE LONGITUD FIJA DE DATOS DE ELEMENTOS - INFORMACIÓN GENERAL
Elementos de longitud fija [NR] 130821s1995 sp ad fr spa
020 ## - NUMERO INTERNACIONAL NORMALIZADO PARA LIBROS [R]
Número Internacional Normalizado del libro [NR] 8471008331
040 ## - FUENTE DE CATALOGACION [NR]
Agencia de catalogación original [NR] Co-BoUCM
Idioma de catalogación [NR] spa
Quien Cataloga Jose A. Gerena (modificó)
Quien Clasifica David Moreno (modificó)
041 00 - CODIGO DE IDIOMA [R]
Código de idioma para texto/pista de sonido o título separado [R] Español
060 ## - SIGNATURA TOPOGRAFICA DE LA BIBLIOTECA NACIONAL DE MEDICINA (NLM) [R]
Número clasificador [R] WA 400
245 00 - MENCION DE TITULO [NR]
Título [NR] Manual de ergonomía
Mención de responsabilidad, etc. [NR] Francisco Ferrer Martínez...[y otros] ; Fundación MAPFRE
250 ## - MENCION DE EDICION [NR]
Mención de edición [NR] 2a ed
260 ## - PUBLICACION, DISTRIBUCION, ETC. (PIE DE IMPRENTA) [R]
Lugar de publicación, distribución, etc. [R] Madrid (España)
Nombre del editor, distribuidor, etc. [R] MAPFRE
Fecha de publicación, distribución, etc. [R] 1995
300 ## - DESCRIPCION FISICA [R]
Extensión [R] 620 páginas
Otros detalles físicos [NR] ilustraciones, cuadros, gráficas
504 ## - NOTA DE BIBLIOGRAFIA, ETC. [R]
Nota de bibliografía, etc. [NR] Incluye referencias bibliográficas
650 #7 - ASIENTO SECUNDARIO DE MATERIA - TERMINO TEMATICO [R]
Término temático o nombre geográfico como elemento de entrada [NR] Antropometría
9 (RLIN) 9208
650 #7 - ASIENTO SECUNDARIO DE MATERIA - TERMINO TEMATICO [R]
Término temático o nombre geográfico como elemento de entrada [NR] Biomecánica
9 (RLIN) 10139
650 #7 - ASIENTO SECUNDARIO DE MATERIA - TERMINO TEMATICO [R]
Término temático o nombre geográfico como elemento de entrada [NR] Ergonomía laboral
9 (RLIN) 14713
650 #7 - ASIENTO SECUNDARIO DE MATERIA - TERMINO TEMATICO [R]
Término temático o nombre geográfico como elemento de entrada [NR] Ingeniería humana
9 (RLIN) 17640
650 #7 - ASIENTO SECUNDARIO DE MATERIA - TERMINO TEMATICO [R]
Término temático o nombre geográfico como elemento de entrada [NR] Salud ocupacional
9 (RLIN) 23954
650 #7 - ASIENTO SECUNDARIO DE MATERIA - TERMINO TEMATICO [R]
Término temático o nombre geográfico como elemento de entrada [NR] Postura humana
9 (RLIN) 22129
650 #7 - ASIENTO SECUNDARIO DE MATERIA - TERMINO TEMATICO [R]
Término temático o nombre geográfico como elemento de entrada [NR] Prevención de riesgos
9 (RLIN) 24662
650 #7 - ASIENTO SECUNDARIO DE MATERIA - TERMINO TEMATICO [R]
Término temático o nombre geográfico como elemento de entrada [NR] Higiene industrial
9 (RLIN) 16833
700 ## - ASIENTO SECUNDARIO - NOMBRE PERSONAL [R]
Nombre personal [NR] Ferrer Velasquez, Francisco
9 (RLIN) 59897
700 ## - ASIENTO SECUNDARIO - NOMBRE PERSONAL [R]
Nombre personal [NR] Minoya Lozano, Gilberto
9 (RLIN) 59898
700 ## - ASIENTO SECUNDARIO - NOMBRE PERSONAL [R]
Nombre personal [NR] Niño Escalante, José
9 (RLIN) 59899
700 ## - ASIENTO SECUNDARIO - NOMBRE PERSONAL [R]
Nombre personal [NR] Ruiz Ripolles, Manuel
9 (RLIN) 59900
710 2# - ASIENTO SECUNDARIO - NOMBRE CORPORATIVO [R]
Nombre corporativo o de jurisdicción como elemento de entrada [NR] Fundación MAPFRE
9 (RLIN) 59901
942 ## - ELEMENTOS DE ENTRADA AGREGADOS (KOHA)
Tipo de ítem principal el descrito en 300a Libro
Tema principal Ciencias de la salud
Edición 1
Parte restante de la signatura top. M15
Sistema de clasificación NLM
Clasificación WA 400
Título oculto en OPAC No
Existencias
Fecha de último préstamo Total préstamos Signatura topográfica Código de barras Última vez visto Ejemplar Price effective from Tipo de ítem Perdido Sistema de clasificación Dañado No prestable Tipo de ítem específico Suprimido Ubicación habitual Ubicación actual Localización Fecha de creación Forma de adquisición Costo Total Renewals Volúmen / Fascículo Costo de reposición Proveedor
04/02/2015 22 WA 400 F245m 100041362 21/03/2026 Ej.1 03/02/2013 Libro   DEWEY     Libro   Quinta de Mutis Quinta de Mutis 1er piso 28/02/2003 Compra 150000.00        
06/09/2025 27 WA 400 F245m 200026380 12/12/2025 Ej.3 10/04/2014 Libro   NLM     Libro   Quinta de Mutis Quinta de Mutis 1er piso 10/04/2014 Compra 246500.00 19 2a.Ed. 246500.00 10
29/07/2025 20 WA 400 F245m 200026379 12/12/2025 Ej.2 10/04/2014 Libro   NLM     Libro   Quinta de Mutis Quinta de Mutis 1er piso 10/04/2014 Compra 246500.00 12 2a.Ed. 246500.00 10